000 00554nam a2200193Ia 4500
003 GCL
008 140319s9999 xx 000 0 ara d
040 _aGCL /
_cGCL
082 0 4 _a813.01
_bى ا
100 1 _aيوسف القعيد
245 1 0 _aاخبار عزبة المنيسى /
_cيوسف القعيد
260 _a[S.N] :
_bدار سعاد الصباح ،
_c1993
300 _a182ص
490 _aسلسلة قصص
_v0
650 0 4 _aالادب العربى
650 0 4 _aالقصص العربية
650 0 4 _aالقصص
942 _2ddc
_cBK
999 _c29712
_d29712